Contraintes littéraires finissant par -gramme - Statistiques

Statistiques générales
  • Ce quiz a été pris 42 fois
  • Le résultat moyen est 2 sur 8
Statistiques - réponses
Exemple Contrainte Réponse % Correct
crâne - nacre - écran Mot ou expression obtenu en permutant les lettres d'un mot ou d'une expression de départ. {Ana}gramme
94%
"Portez ce whisky au vieux juge blond qui fume." Toutes les lettres de l'alphabet sont présentes. {Pan}gramme
39%
"Par le mot par commence ce texte" Phrase faisant référence à elle-même, synonyme d'autoréférence. {Auto}gramme
31%
"Bijou" Les lettres composant le mot sont écrites dans l'ordre alphabétique. {Alpha}gramme
28%
La Disparition de Georges Perec. Un texte où sont exclues une ou plusieurs lettres de l'alphabet. {Lipo}gramme
17%
"Dyschromatique" Mot ou expression ne contenant aucune lettre répétée. {Hétéro}gramme
14%
"Veni, Vidi, Vici." Chaque mot du texte commence par la même lettre. {Tauto}gramme
6%
"Rentrent" Mot qui contient ses lettres le même nombre de fois donc répétées le même nombres de fois. {Iso}gramme
3%
Aucun quiz correspondant
Distribution des résultats
% des personnes avec chaque résultat
Percentile par nombre de réponses
Votre historique - résultats
Vous n’avez pas pris ce quiz